000 00702nam a2200229 a 4500
008
020 _a0074515667 (hbk. )
049 _aMAIN
090 _aTC405
_bCHA
100 1 _aChaturvedi, M. C.
245 1 0 _aWater resources systems planning and management /
_cM.C. Chaturvedi.
260 _aNew Delhi :
_bTata McGraw-Hill Pub. Co.,
_cc1987.
300 _axi, 602 p. :
_bill. ;
_c26 cm.
504 _aIncludes bibliographical references.
650 0 _aWater resources development.
650 0 _aOperations research.
907 _a.b10311312
_b20-03-12
_c20-03-12
003
005 20230123125421.0
040 _cNUST
942 _cBOOKS
_kTC405
_mCHA
999 _c141142
_d141142